Name the 103 Most Common Chinese Characters - Statistics

General Stats
  • This quiz has been taken 438 times
  • The average score is 61 of 103
Answer Stats
Picture Answer % Correct
da
93%
wo
87%
shi
85%
san
84%
yi
84%
ren
83%
zhong
83%
ni
82%
ba
81%
bu
81%
guo
81%
hao
81%
le
80%
shi
79%
jiu
78%
men
78%
si
78%
ge
77%
ta
77%
xiao
77%
de
76%
wu
76%
jia
74%
shang
74%
zi
74%
liu
73%
qi
73%
ri
73%
xue
73%
you
73%
tian
72%
ye
71%
zai
71%
kan
70%
he
69%
ming
69%
sheng
69%
shuo
69%
xia
69%
er
68%
ke
68%
na
68%
mei
67%
qu
67%
nian
66%
mei
65%
xiang
65%
xin
65%
ben
64%
dui
64%
yao
64%
zhe
63%
gao
61%
hui
61%
lai
61%
hai
59%
kai
59%
wei
59%
zhi
59%
li
58%
shi
58%
yi
58%
neng
55%
dao
53%
fen
53%
de
52%
cong
50%
hou
50%
qi
50%
shi
50%
di
49%
fang
49%
jiu
49%
xian
49%
yang
49%
chang
48%
fa
46%
li
46%
qian
46%
qing
46%
suo
46%
yi
46%
yin
46%
jian
45%
you
45%
dang
42%
xie
42%
deng
41%
er
41%
guo
40%
jin
40%
ru
39%
zi
38%
cheng
37%
jing
37%
zhu
37%
zhi
36%
yi
35%
yu
29%
yu
25%
zheng
23%
dao
2%
quan
0%
No matching quizzes found
Score Distribution
Percent of People with Each Score
Percentile by Number Answered
Your Score History
You have not taken this quiz